000 00445cam a2200181ua 4500
020 _c1.00
041 _amal
_h
082 _a894.8121
_bCHI/AT
100 _aChidambaram pillai, S .
245 _aAtmabali /
_cS Chidambaram pillai.
_hTextual Documents
250 _a2 /
_b.
260 _aKottayam :
_bVidyarthi Mithram Book Depo ,
_c1956.
300 _a83 ; .
365 _a1.00
504 _a
942 _cBK
999 _c12627
_d12627